Central Library OPAC University of Rajshahi

Fundamentals of concept formation in empirical science. / (Record no. 9964)

MARC details
000 -LEADER
fixed length control field 01102cam a22003012 4500
001 - CONTROL NUMBER
control field 9964
003 - CONTROL NUMBER IDENTIFIER
rucl marc code BD-RjUL
005 - DATE AND TIME OF LATEST TRANSACTION
control field 20211208234854.0
008 - FIXED-LENGTH DATA ELEMENTS--GENERAL INFORMATION
fixed length control field 140122s1952 ilu b 000 0 eng
035 ## - SYSTEM CONTROL NUMBER
System control number (BD-RjUL)
-- OCLC ocm00170573 from D970905M
040 ## - CATALOGING SOURCE
Original cataloging agency DLC
Transcribing agency AKR
Modifying agency SER
-- OCL
-- YNG
-- COU
-- BD-RjUL
Language of cataloging eng
041 ## - LANGUAGE CODE
Language code of text/sound track or separate title eng
082 00 - DEWEY DECIMAL CLASSIFICATION NUMBER
Classification number 501
Author mark and year HAF 1962
100 1# - MAIN ENTRY--PERSONAL NAME
Personal name Hempel, Carl G.
Fuller form of name (Carl Gustav),
Dates associated with a name 1905-1997
9 (RLIN) 30772
245 10 - TITLE STATEMENT
Title Fundamentals of concept formation in empirical science. /
Statement of responsibility, etc. by Hempel, Carl G.
Number of part/section of a work V-2
260 ## - PUBLICATION, DISTRIBUTION, ETC. (IMPRINT)
Place of publication, distribution, etc. Chicago :
Name of publisher, distributor, etc. University of Chicago Press,
Date of publication, distribution, etc. 1952 [impression 1962].
300 ## - PHYSICAL DESCRIPTION
Pagination iii, 93 p. :
Size 25 cm.
490 1# - SERIES STATEMENT
Series statement International encyclopedia of unified science. Foundations of the unity of science,
Volume/sequential designation v. 2, no. 7
504 ## - BIBLIOGRAPHY, ETC. NOTE
Bibliography, etc Bibliography: p. 88-93.
650 #0 - SUBJECT ADDED ENTRY--TOPICAL TERM
Topical term or geographic name as entry element Science
General subdivision Philosophy.
9 (RLIN) 30773
Topical term or geographic name as entry element Science
9 (RLIN) 30774
830 #0 - SERIES ADDED ENTRY--UNIFORM TITLE
Volume number/sequential designation v. 2, no. 7.
830 #0 - SERIES ADDED ENTRY--UNIFORM TITLE
Uniform title International encyclopedia of unified science ;
942 ## - ADDED ENTRY ELEMENTS (KOHA)
Source of classification or shelving scheme Dewey Decimal Classification
Koha item type Books
Holdings
Lost status Source of classification or shelving scheme Materials specified (bound volume or other part) Damaged status Not for loan Collection code Permanent Location Current Location Shelving location Date acquired Source of acquisition Cost, normal purchase price Total Checkouts Full call number Date last seen Copy number Koha item type
  Dewey Decimal Classification V-2   Not For Loan Non-fiction Central Library, University of Rajshahi Central Library, University of Rajshahi Reading Room 11/07/1964 Zeithlinger. 18.00   501 HAF 1962 22/01/2014 C-1 Books
  Dewey Decimal Classification V-2     Non-fiction Central Library, University of Rajshahi Central Library, University of Rajshahi Reading Room 11/07/1964 Zeithlinger. 18.00   501 HAF 1962 22/01/2014 C-2 Books
  Dewey Decimal Classification V-2     Non-fiction Central Library, University of Rajshahi Central Library, University of Rajshahi Reading Room 11/07/1964 Zeithlinger. 18.00   501 HAF 1962 22/01/2014 C-3 Books